| 000 | 01145nam a2200349Ia 4500 | ||
|---|---|---|---|
| 003 | OSt | ||
| 005 | 20221007121416.0 | ||
| 006 | a|||||r|||| 00| 0 | ||
| 007 | ta | ||
| 008 | 221006b |||||||| |||| 00| 0 eng d | ||
| 020 | _a9789385998812 (pbk) | ||
| 024 | _a196555 | ||
| 037 |
_b3017, 10/03/2017, The Book Seller _cTextual |
||
| 040 |
_aBDL _cBDL _beng |
||
| 041 |
_2eng _aeng |
||
| 082 | _aI:3, Q7 Carb | ||
| 100 |
_aDevlin Robert M _9711816 |
||
| 245 | 0 |
_aDevlin's exercises in plant physiology _b Witham Francis H Blaydes David F |
|
| 250 | _a2 | ||
| 260 |
_aNew _bDelhi Medtech _c2017 |
||
| 300 |
_axi, 324p. ill. _ccm. |
||
| 500 | _aAppendix I-VI 293-318p.; Index 320-324p. | ||
| 650 |
_a Gravitropism _9711817 |
||
| 650 |
_a Hill reaction _9711818 |
||
| 650 |
_a Proteins _9400913 |
||
| 650 |
_a Water portential _9711819 |
||
| 650 |
_aPototropism _9711820 |
||
| 700 |
_a Blaydes David F _9711821 |
||
| 700 |
_a Witham Francis H _9711822 |
||
| 942 |
_hI:3, Q7 Carb _cTEXL _2CC |
||
| 999 |
_c1208849 _d1208849 |
||